000
00260nam a22001097a 4500
008
170124b xxu||||| |||| 00| 0 eng d
020
_a
0323034500
041
_a
eng
080
_2
6TH
_a
618.2
245
_a
MOSBY'S DRUG GUIDE FOR NURSES
_c
SKIDMORE
942
_2
udc
_c
BK
999
_c
3428
_d
3428